01230nam a2200301 i 4500001001000000003000900010005001700019007000300036008004100039040003000080082001400110100006400124245012500188260003900313264005400352300002800406336002700434337003300461338002800494504003000522590002600552700004400578910001500622942001400637952012700651952013300778999001700911000026639DO-SdBNP20231012093746.0ta110324s19uu dr 000 0 spa d aDO-SdBNPbspacBNPHUerda 4bA581d2221 aÁngeles Fernández, Ramón Benito,d1949-919520eautor10aDimensión ética de la vocación cristiana /cRamón Benito Ángeles Fernández ; prólogo, Juan Antonio Flores. aSanto Domingo :bSusaeta,c[199?]. aSanto Domingo :bSusaeta,cfecha no identificada. a100 páginas ;c20 cm. 2rdacontentatextobtxt 2rdamediaasin mediaciónbn 2rdacarrieravolumenbnc aBibliografía : p. 94-98 aInventariado, 2023/BT1 aFlores, Juan Antonio,eprólogo953759 aBtavárez 2ddccLBS1 00102ddc51708PDaBNPHUbBNPHUcCTd2011-03-24l0oBNPHU PD A581dp26639-10r2020-06-25w2020-06-25yLBS1ZNo se presta 00102ddc51708PDaBNPHUbBNPHUcCTd2011-04-18l0oBNPHU PD A581dp26639-20r2020-06-25te. 2w2020-06-25yLBS1ZNo se presta c26131d26131